000 00521nam a2200157 a 4500
001 000027411
005 20211025112953.0
008 091002s1984 dr a 000 0 spa d
040 _aDO-SdBNP
_bspa
_cBNPHU
110 2 _aCorporación Dominicano de Electricidad
_916035
245 1 0 _aCentrales hidroeléctricas de la Coporación Dominicana de Electricidad./.
260 _aSanto Domingo :
_bC.D.E.,
_c1984.
300 _a68 P. :
_bil. ;
_c22 cm.
710 2 _aCorporación Dominicano de Electricidad
_916035
049 _aBNPD
999 _c26903
_d26903